[Event "San Jose subzonal 2.3c"]
[Site "San Jose"]
[Date "2018.03.25"]
[Round "1"]
[White "Lacayo, Rene"]
[Black "Murillo Varela, Ricardo"]
[Result "1-0"]
[WhiteElo "2234"]
[BlackElo "1751"]
[PlyCount "69"]
[EventDate "2018.03.25"]
[EventType "swiss"]
[EventRounds "9"]
[EventCountry "CRI"]
[SourceTitle "EXT 2019"]
[Source "ChessBase"]
[SourceDate "2018.10.10"]
[SourceVersion "1"]
[SourceVersionDate "2018.10.10"]
[SourceQuality "1"]

1. d4 Nf6 2. c4 e6 3. Nf3 b6 4. g3 Bb7 5. Bg2 Bb4+ 6. Bd2 Be7 7. 0-0 d6 8. Nc3 Nbd7 9. d5 e5 10. Nh4 0-0 11. Nf5 Re8 12. e4 Bf8 13. b4 a5 14. a3 axb4 15. axb4 Ra6 16. Nb5 Nb8 17. Qc2 Qd7 18. Bh3 Kh8 19. Kg2 Qd8 20. Bg5 Nbd7 21. f3 h6 22. Bd2 Kh7 23. Ra2 g6 24. Ne3 Nb8 25. Na7 Rxa2 26. Qxa2 Na6 27. Nc6 Qa8 28. Ra1 Kg7 29. Qb2 Bc8 30. g4 h5 31. b5 hxg4 32. Nxg4 Bxg4 33. fxg4 Nxe4 34. Rxa6 Qc8 35. g5 1-0

[Event "San Jose Santa Barbara qual"]
[Site "San Jose"]
[Date "2016.06.02"]
[Round "7.2"]
[White "Solis Gomez, Jose Alberto"]
[Black "Murillo Varela, Ricardo"]
[Result "1-0"]
[WhiteElo "1816"]
[BlackElo "1747"]
[PlyCount "129"]
[EventDate "2016.04.21"]
[EventType "swiss"]
[EventRounds "7"]
[EventCountry "CRI"]
[SourceTitle "EXT 2024"]
[Source "ChessBase"]
[SourceDate "2023.10.10"]
[SourceVersion "1"]
[SourceVersionDate "2023.10.10"]
[SourceQuality "1"]

1. d4 Nf6 2. Nf3 e6 3. Bg5 Be7 4. e3 0-0 5. Bd3 b6 6. Nbd2 Bb7 7. 0-0 d6 8. e4 Nbd7 9. Qe2 c5 10. c3 e5 11. d5 a6 12. a4 Ne8 13. Bxe7 Qxe7 14. c4 g6 15. Ne1 Ng7 16. Bc2 f5 17. f4 exf4 18. Rxf4 Qg5 19. Rf1 Rae8 20. Nd3 Qe7 21. Rae1 Bc8 22. Qd1 Qf6 23. Kh1 Qd4 24. Rf4 Nh5 25. Rh4 Nhf6 26. Nf3 Qxc4 27. Bb3 Qxe4 28. Rhxe4 fxe4 29. Ng5 exd3 30. Ne6 Rf7 31. Qxd3 Ne5 32. Qg3 c4 33. Rxe5 dxe5 34. Bxc4 Nxd5 35. Ng5 Rd7 36. Qf3 Bb7 37. Qe2 Kg7 38. h3 Nf4 39. Qe3 Nxg2 40. Qb3 Nf4+ 41. Kg1 Red8 42. Qxb6 Rd1+ 43. Kf2 R1d2+ 44. Ke1 Ng2+ 45. Kf1 Rd1+ 46. Kf2 R8d7 47. Qe6 R1d2+ 48. Kg3 h5 49. h4 Kf8 50. Qg8+ Ke7 51. Qxg6 Bd5 52. Bxd5 R7xd5 53. Qe6+ Kd8 54. Qb6+ Kd7 55. Qe6+ Kc7 56. Qe7+ Kc6 57. Qe8+ Kc5 58. Ne4+ Kb4 59. Nxd2 Rxd2 60. Qxe5 Rc2 61. a5 Kb3 62. Qxh5 Kxb2 63. Qe5+ Kb3 64. Qd5+ Kb4 65. Qe4+ 1-0